000 00794nam a2200193Ia 4500
999 _c37885
_d37885
001 3863
003 GE_BSU
005 20190813163204.0
008 181216s1973||||ge |||||||||||||| ||geo||
040 _cGE_BSU
041 _ageo
080 _a141.824 ი–89
245 _bსტატიების კრებული /
_aისტორიული მატერიალიზმის საგნის შესახებ :
_cფილოსოფიის ინ-ტი.
264 _aთბილისი :
_bმეცნიერება,
_c1973.
300 _a173 გვ.
_b21სმ.
653 _aისტორიული მატერიალიზმის საგანი
710 _aფილოსოფიის ინ-ტი.
_93555
942 _cBK
_2udc